000 00790nam a2200265 a 4500
999 _c1306
_d1306
008 191218t2012 xxua|||g |||| 001 0 eng d
020 _a9780415811460
_c£ 28.00
040 _aKO
_beng
041 0 _aeng
044 _axxu
082 0 4 _223
_a330.954
_bAh52
245 1 0 _aIndia's New Economic Policy :
_ba critical analysis /
_cedited by Waquar Ahmed, Amitabh Kundu and Richard Peet
260 _aNew York :
_bRoutledge ,
_c2012.
300 _axii, 321 p. :
_bill. ;
_c23 cm
504 _aIncludes Index.
650 0 _aEconomic development
_zIndia
650 0 _aEconomic conditions
_zIndia
650 0 _aEconomic policy
_zIndia
700 _aAhmed, Waquar
_eedt
700 _aKundu, Amitabh
_eedt
700 _aPeet, Richard
_eedt
904 _aA_BOSE
942 _cBK